Movies Quiz

Random Movies or Quote Quiz

50 Characters: 50 Movie Quotes Quiz Stats

 Plays Quiz Updated Jan 17, 2019

Support Sporcle.
Go Orange.
Score 0/50 Timer 08:00
7 Plays Today
% Correct
E.T.
92.6%
Dorothy Gale
92%
Forrest Gump
91.1%
The Terminator
89.3%
James Bond
89%
Hannibal Lecter
86.6%
Don Vito Corleone
80.6%
Sméagol
76.5%
Rocky Balboa
76.1%
Henry Frankenstein
72.7%
Rhett Butler
72.1%
Jessica Rabbit
66.9%
Harry Callahan
66.7%
Norman Bates
65.9%
Charles Foster Kane
63.5%
Jack Torrance
63.4%
Tony Montana
62.6%
Customer (Katz's Delicatessen)
62.4%
Col. Nathan R. Jessup
61.1%
Han Solo
59.3%
Michael Dundee
54.5%
Morticia Addams
53.6%
Lt. Col. Kilgore
52.4%
Jim Lovell
51.8%
Clyde Barrow
50.5%
% Correct
Donkey
50%
Rick Blaine
49.3%
Ellis 'Red' Redding
49.2%
Cole Sear
47%
Travis Bickle
46.2%
Benjamin Braddock
45.5%
Jack Byrnes
45.3%
Rod Tidwell
43.6%
Count Dracula
43.4%
Martin Brody
39%
President Merkin Muffley
37.1%
Maximus
32.6%
William Wallace
32%
Dave Bowman
29.7%
Ratso Rizzo
29.6%
Mr. Kesuke Miyagi
28.5%
Norma Desmond
28.5%
Terry Malloy
26%
Jennifer Cavilleri Barrett
25.9%
Dr. Rumack
25.4%
Margo Channing
18.2%
Lady Lou
17.6%
Sam Spade
17.5%
Det. Robert Thorn
14.2%
Grusinskaya
10.9%

From the Vault

The 3rd Thing You Need to Know: The 1980s

by MrWhiplash

History 4m
The 1st and 2nd things are optional.
Remove Ads.
Support Sporcle.
Get the best of Sporcle when you Go Orange. This ad-free experience offers more features, more stats, and more fun while also helping to support Sporcle. Thank you for becoming a member.

Show Comments

Extras

Top Quizzes Today


Score Distribution

Your Account Isn't Verified!

In order to create a playlist on Sporcle, you need to verify the email address you used during registration. Go to your Sporcle Settings to finish the process.

Report this User

Report this user for behavior that violates our Community Guidelines.

Details: